00434cam a2200157ua 45000010005000000080039000050400009000440820013000531000028000662450061000942500009001552600033001643000017001976530027002146530035002413446111111n ii |||gr||||Z||||||asm cMAIN a891.4513 aKalita, Arupa Patangia,11aMarubhumit manoka aru anyanynacby Arupa Patangia Kalita a1st. aGuwahati:bSristi lekha,995. a116p:c23cm. aAssamese short stories aMarubhumit manoka aru anyanyna